000 00653cam a2200217 a 4500
001 000005996
005 20200929151857.0
008 840522s1983 nq 001 0 spa
040 _aDO-SdBNP
_cDLC
_dDLC
082 _aN861.44
_bC198p
100 1 _aCampos, Ahmed,
_d1956-
_916895
245 1 0 _aLes prometo no morirme /
_cAhmed Campos.
260 _aManagua, (Nicaragua) :
_bNueva Nicaragua,
_c1983.
300 _a100 p. ;
_c19 cm.
490 1 _aCuarto aniversario
650 4 _aPoesìa nicaraguense
_98179
650 4 _aLiteratura nicaraguense
_98180
830 0 _aCuarto aniversario
_916896
910 _aCatalogación por copia / LC
049 _aBNGR
999 _c5792
_d5792